Codex Iuris Canonici (Registro nro. 303239)
[ vista simple ]
| 000 -ENCABEZADO | |
|---|---|
| Número de control [NR] | 01866nam a2200241 4500 |
| 005 - FECHA Y HORA DE LA ÚLTIMA TRANSACCIÓN | |
| control field | 20160418093731.0 |
| 008 - DE LONGITUD FIJA DE DATOS DE ELEMENTOS - INFORMACIÓN GENERAL | |
| Elementos de longitud fija [NR] | 160418s1917 it |||fr|||| 001 0 lat d |
| 040 ## - FUENTE DE CATALOGACION [NR] | |
| Agencia de catalogación original [NR] | CO-BoUCM |
| Idioma de catalogación [NR] | spa |
| Quien Cataloga | Sandra Yazo |
| Quien Clasifica | Sandra Yazo |
| 041 0# - CODIGO DE IDIOMA [R] | |
| Código de idioma para texto/pista de sonido o título separado [R] | Latín |
| 082 04 - NUMERO DE CLASIFICACION DECIMAL DEWEY [R] | |
| Número de la edición [NR] | 20 |
| Número de clasificación [R] | 262.91 |
| 092 ## - SIGNATURA TOPOGRAFICA LOCAL | |
| Número de clasificación local | E39N034 |
| 100 1# - ASIENTO PRINCIPAL--NOMBRE PERSONAL [NR] | |
| Nombre personal [NR] | Pío X, Papa, Santo |
| ID Autoridad | 76665 |
| 242 00 - TRADUCCION DEL TITULO POR LA AGENCIA CATALOGADORA [R] | |
| Título [NR] | Código de Derecho Canónico |
| Mención de responsabilidad, etc. [NR] | elaborado por mandato de Pío X, Pontífice Máximo y promulgado con la autoridad del Papa Benedicto XV |
| Código de idioma del título traducido [NR] | spa |
| 245 10 - MENCION DE TITULO [NR] | |
| Título [NR] | Codex Iuris Canonici |
| Mención de responsabilidad, etc. [NR] | Pii X Pontificis Maximi iussu digestus. Benedicti Papae XV auctoritate promulgatus |
| 260 ## - PUBLICACION, DISTRIBUCION, ETC. (PIE DE IMPRENTA) [R] | |
| Lugar de publicación, distribución, etc. [R] | Romae (Roma) Italia |
| Nombre del editor, distribuidor, etc. [R] | Typis Polyglottis Vaticanis [Imprenta políglota Vaticana] |
| Fecha de publicación, distribución, etc. [R] | 1917 |
| 300 ## - DESCRIPCION FISICA [R] | |
| Extensión [R] | xxxii, 870 páginas |
| Dimensiones [R] | 20 x 13 cm. |
| 500 ## - NOTA GENERAL [R] | |
| Nota general [NR] | Detalles físicos: Encuadernación rígida (holandesa con esquinas) en cartón forrado en tela texturizada. Lomo y esquinas en cuero, lomo con tejuelos, adornos en dorado. Guardas. Hoja de cortesía. Portada impresa en rojo y negro, donde se repite el escudo papal de Benedicto XV. Texto impreso en una sola columna. Índices. Lomo y tapas con restos de cinta pegante |
| 505 0# - NOTA DE CONTENIDO CON FORMATO PREESTABLECIDO [R] | |
| Nota de contenido con formato preestablecido [NR] | Constitución Apostólica Providentissima Mater Ecclesia ; Profesión de fe católica ; Libro 1 - 5: Normas Generales -- Las personas: los clérigos, los religiosos, los laicos -- Las cosas: Los Sacramentos ; Lugares y tiempos sagrados ; El culto divino ; El magisterio de la Iglesia ; Los beneficios y otras instituciones eclesiásticas ; Los bienes temporales de la Iglesia -- Sobre los procesos ; Los juicios ; Las causas de beatificación de los Siervos de Dios y de canonización de los Beatos -- Los delitos y las penas ; Anexo de Documentos Pontificios |
| 506 ## - NOTA DE RESTRICCIONES DE ACCESO [R] | |
| Condiciones de acceso [NR] | Consulta en sala |
| 650 #7 - ASIENTO SECUNDARIO DE MATERIA - TERMINO TEMATICO [R] | |
| 9 (RLIN) | 12710 |
| Término temático o nombre geográfico como elemento de entrada [NR] | Derecho canónico |
| 690 ## - ASUNTO AGREGADO LOCAL DE ENTRADA - TÉRMINO TEMÁTICO (OCLC, RLIN) | |
| Acceso temático local | Derecho canónico |
| 9 (RLIN) | 12710 |
| 942 ## - ELEMENTOS DE ENTRADA AGREGADOS (KOHA) | |
| Sistema de clasificación | LOCAL |
| Tipo de ítem principal el descrito en 300a | Libro |
| Edición | 1 |
| Clasificación | E39N034 |
| Suprimido | Perdido | Sistema de clasificación | Dañado | No prestable | Tipo de ítem específico | Ubicación habitual | Ubicación actual | Localización | Fecha de creación | Forma de adquisición | Costo | Total préstamos | Signatura topográfica | Código de barras | Última vez visto | Ejemplar | Price effective from | Tipo de ítem |
|---|---|---|---|---|---|---|---|---|---|---|---|---|---|---|---|---|---|---|
| LOCAL | Libro archivo | Archivo Histórico | Archivo Histórico | Archivo histórico | 18/04/2016 | Donación | 0.00 | E39N034 | L005534 | 18/04/2016 | Ej.1 | 18/04/2016 | Libro |